Greatest Day - Take That (All Lyrics) - Statistics

General Stats
  • This quiz has been taken 39 times
  • The average score is 208 of 243
Answer Stats
Answer % Correct
a
100%
be
100%
could
100%
day
100%
greatest
100%
lives
100%
of
100%
our
100%
the
100%
The
100%
this
100%
to
100%
Today
100%
we
96%
you
96%
come
92%
it
92%
it?
92%
me
92%
me),
92%
me)
92%
on
92%
on)
92%
all
88%
night
88%
run
88%
time
88%
alive
84%
alive)
84%
close
84%
out
84%
Stay
84%
stay
84%
(Stay
84%
tonight
84%
Tonight
84%
tonight?
84%
(Tonight)
84%
world
84%
your
84%
Can
80%
feel
80%
hold
80%
Hold
80%
(Hold
80%
in
80%
is
80%
Before
76%
before
76%
see
76%
Watch
76%
and
72%
And
72%
(And
72%
head
72%
now?
72%
Oh,
72%
oh,
72%
oh
72%
Oh
72%
arms
68%
Arms
68%
ends,
68%
future
68%
make
68%
ours
68%
start
68%
high
64%
Let's
64%
my
64%
new
64%
When
60%
comes
56%
eyes?
56%
find
56%
wide
44%
open
40%
starts
32%
Yeah,
32%
No matching quizzes found
Score Distribution
Percent of People with Each Score
Percentile by Number Answered
Your Score History
You have not taken this quiz